000 00301nam a22001337a 4500
008 170630b xxu||||| |||| 00| 0 eng d
020 _a9780195123869
041 _aeng
080 _a94
100 _a18
101 _a18
245 _aA READER IN PEACE STUDIES
_cBARASH.D.P
942 _2udc
_cBK
999 _c19713
_d19713